National sample survey: report (Record no. 496769)

000 -LEADER
fixed length control field 00379cam a22001097a 4500
008 - FIXED-LENGTH DATA ELEMENTS--GENERAL INFORMATION
fixed length control field 180718b xxu||||| |||| 00| 0 eng d
082 ## - DEWEY DECIMAL CLASSIFICATION NUMBER
Classification number To68x54/In2/8
245 ## - TITLE STATEMENT
Title National sample survey: report
Statement of responsibility, etc. by Department of Economic Affairs, Ministry of Finance
260 ## - PUBLICATION, DISTRIBUTION, ETC.
Place of publication, distribution, etc. Delhi
Name of publisher, distributor, etc. Government of India
Date of publication, distribution, etc.
300 ## - PHYSICAL DESCRIPTION
Extent 102p
700 ## - ADDED ENTRY--PERSONAL NAME
Personal name India. Ministry of Finance. Department of Economic Affairs
Holdings
Withdrawn status Lost status Damaged status Not for loan Permanent Location Current Location Date acquired Full call number Barcode Date last seen Price effective from Koha item type
        Indian Institute of Public Administration Indian Institute of Public Administration 2018-08-04 To68x54/In2/8 GG5635 2018-08-04 2018-08-04 GG

Powered by Koha